Cities : reimagining the urban

Αποθηκεύτηκε σε:
Λεπτομέρειες βιβλιογραφικής εγγραφής
Κύριος συγγραφέας: Amin, Ash
Άλλοι συγγραφείς: Thrift, N. J.
Μορφή: Βιβλίο
Γλώσσα:English
Δημοσίευση: Cambridge : Polity, 2002
Θέματα:
Ετικέτες: Προσθήκη ετικέτας
Δεν υπάρχουν, Καταχωρήστε ετικέτα πρώτοι!

MARC

LEADER 00000nam a2200000 i 4500
001 1/48730
008 070720s2002 eng d
020 |a 978-0-7456-2414-3 (pbk.) 
035 |l 10088996 
040 |a GR-MY-UA  |b gre  |e aacr 
041 0 |a eng 
082 0 |a 307.76  |2 (22) 
100 1 |a Amin, Ash. 
245 1 0 |a Cities :  |b reimagining the urban /  |c Ash Amin and Nigel Thrift 
260 |a Cambridge :   |b Polity,   |c 2002 
300 |a 184 σ.;  |c 24 εκ. 
504 |a Περιέχει βιβλιογραφικές παραπομπές και ευρετήριο 
650 0 0 |a Cities and towns. 
650 0 0 |a Sociology, Urban. 
700 1 |a Thrift, N. J. 
852 |a INST  |b LESVOS  |e 20070720  |h 307.76 AMI  |p 005100041438  |q 005100041438  |t BK  |y 0 
852 |a INST  |b LESVOS  |e 20100312  |h 307.76 AMI  |p 005100046782  |q 005100046782  |t BK  |y 0 
901 |a BIBL1-2007-2 
901 |a BIBL1-2010-1 
909 |a Λ  |b 135902 
909 |a Λ  |b 152011 
922 |a 1ΕΛΗ  |b 200706  |c ΕΠΕΑΕΚ2/ΤΓ  |d ΕΛΕΥΘΕΡΟΥΔΑΚΗΣ 
922 |a 1ΕΛΗ  |b 200803  |c ΕΠΕΑΕΚ2/ΤΓ  |d ΕΛΕΥΘΕΡΟΥΔΑΚΗΣ 
970 |a ΚΑΡΑ  |b ΓΙΑΣΕΜΗ  |z 2007/07/20